Pop culture en images - T - Statistiques

Statistiques générales
  • Ce quiz a été pris 328 fois
  • Le résultat moyen est 8 sur 16
Statistiques - réponses
Par images Réponse % Correct
Tigrou
96%
Toad
92%
Trotro
90%
Tokyo
83%
Timon
80%
Trevor
61%
Thomas Shelby
59%
Ti biscuit
56%
Tyrion Lannister
49%
Tracer
34%
Thorfinn
32%
Tyler Durden
23%
Touka Kirishima
16%
Thermite
10%
Taiga Aisaka
6%
Tatsumi
3%
Aucun quiz correspondant
Distribution des résultats
% des personnes avec chaque résultat
Percentile par nombre de réponses
Votre historique - résultats
Vous n’avez pas pris ce quiz